Statystyki dla Hiszpańskojęzyczne kraje

Kliknij tutaj aby rozwiązać quiz!

Ogólne statystyki

  • Ten quiz został rozwiązany 2 052 razy
  • Średni wynik to 16 z 21

Statystyki odpowiedzi

Lp.NazwaKontynent% Poprawnych
8.HiszpaniaEuropa
98%
1.ArgentynaAmeryka Południowa
95%
3.ChileAmeryka Południowa
93%
13.MeksykAmeryka Północna
91%
10.KolumbiaAmeryka Południowa
88%
21.WenezuelaAmeryka Południowa
87%
2.BoliwiaAmeryka Południowa
86%
17.PeruAmeryka Południowa
86%
20.UrugwajAmeryka Południowa
86%
16.ParagwajAmeryka Południowa
83%
12.KubaAmeryka Północna
81%
5.EkwadorAmeryka Południowa
80%
15.PanamaAmeryka Północna
78%
4.DominikanaAmeryka Północna
75%
9.HondurasAmeryka Północna
72%
11.KostarykaAmeryka Północna
70%
6.GwatemalaAmeryka Północna
62%
14.NikaraguaAmeryka Północna
62%
19.SalwadorAmeryka Północna
62%
7.Gwinea RównikowaAfryka
33%
18.PortorykoAmeryka Północna
25%

Rozkład punktacji

Percentyl według liczby udzielonych odpowiedzi

Procent ludzi z każdym wynikiem

Twoja historia wyników

Nie rozwiązałeś tego quizu